[Event "Budapest Spring Festival 2019"]
[Site "Budapest"]
[Date "2019.04.15"]
[Round "7.12"]
[White "Hakobyan, Aram"]
[Black "Horvath, Dominik"]
[Result "1-0"]
[WhiteElo "2554"]
[BlackElo "2412"]
[Annotator "TA"]
[PlyCount "97"]
[EventDate "2019.04.09"]
[EventType "swiss"]
[EventCountry "HUN"]
[SourceTitle "playchess.com"]
[Source "ChessBase"]
[SourceQuality "1"]

{[%evp 20,97,20,12,19,24,30,24,25,19,23,7,0,0,27,14,71,36,72,65,72,63,111,118,112,83,125,104,195,181,199,87,128,26,187,188,184,175,414,425,366,241,245,238,229,212,458,455,560,551,544,533,522,0,493,445,527,523,446,421,409,0,415,415,680,675,570,662,587,376,376,419,403,331,692,678,902,830,1850,1634]} 1. c4 e6 2. Nc3 Nf6 3. e4 c5 4. e5 Ng8 5. Nf3 Nc6 6. d4 cxd4 7. Nxd4 Nxe5 8. Ndb5 a6 9. Nd6+ Bxd6 10. Qxd6 f6 11. Be3 b5 $146 {A19: English Opening: Flohr-Mikenas System with 3...c5} ({Predecessor:} 11... Ne7 12. Bb6 Nf5 13. Qb4 Nc6 14. Qc5 d6 15. Bxd8 dxc5 16. Bb6 e5 17. O-O-O Ncd4 18. Bxc5 Bd7 19. Bd3 {½-½ (30) Giri,A (2767)-Dubov,D (2648) Novi Sad 2016}) 12. cxb5 Ne7 $1 13. Bb6 Nf5 {White has an edge.} 14. Qc5 $40 {[%mdl 128] White attacks.} Qe7 15. Qxe7+ Kxe7 16. f4 Ng6 $1 17. Bd3 Kf7 (17... Nxf4 $11 {keeps the balance.} 18. Be4 d5 19. Bxf5 exf5) 18. O-O Nge7 19. g4 Nd6 20. a4 axb5 21. axb5 Rxa1 22. Rxa1 h5 23. g5 h4 (23... Bb7 $16 {keeps fighting.}) 24. Bc7 $18 Ne8 25. b6 (25. Ra7 $18) 25... Nc6 26. Nb5 (26. Be4 $16) 26... Bb7 $2 (26... Nxc7 $11 27. bxc7 fxg5) 27. Nd6+ Nxd6 28. Bxd6 {aiming for g6+.} Rc8 $2 (28... fxg5 29. fxg5 e5) 29. g6+ Ke8 30. Kf2 Ra8 {[#]} 31. Ra3 $1 Ra5 {[#] intending ...Rd5.} 32. Bc4 $1 f5 $2 (32... Rf5 {was necessary.} 33. Ke3 Ra5) 33. Ke3 Bc8 34. Kd2 Bb7 35. Kc3 Ra8 36. Kd2 Ra5 37. Kd3 Ra8 38. Ke3 Ra5 39. Kd2 Ra8 40. Ke3 Ra5 41. Kf2 Ra8 (41... Bc8 $142 42. Rxa5 Nxa5) 42. Rxa8+ {[%mdl 64] Overworked Piece} Bxa8 {[%mdl 4096] Endgame KBB-KBN} 43. Ba6 Nd8 44. b4 Nb7 45. Be5 Kf8 46. Ke3 Nd8 $2 (46... h3 47. Kd3 Kg8) 47. Bc8 {White is clearly winning.} Ke7 48. Bxg7 d6 49. Bh6 {Accuracy: White = 68%, Black = 27%.} 1-0

[Event "Budapest Spring Festival 2019"]
[Site "Budapest"]
[Date "2019.04.15"]
[Round "7.13"]
[White "Aryan Chopra"]
[Black "Nomin-Erdene, Davaademberel"]
[Result "1-0"]
[WhiteElo "2547"]
[BlackElo "2399"]
[Annotator "TA"]
[PlyCount "41"]
[EventDate "2019.04.09"]
[EventType "swiss"]
[EventCountry "HUN"]
[SourceTitle "playchess.com"]
[Source "ChessBase"]
[SourceQuality "1"]

{[%evp 9,41,15,18,11,29,6,16,-9,-13,-10,-14,-18,-5,-21,14,25,9,14,49,13,17,-21,-9,0,39,22,19,-9,82,87,240,236,728,734]} 1. e4 c6 2. d4 d5 3. f3 g6 4. c3 Bg7 5. Na3 dxe4 $146 ({Predecessor:} 5... e5 6. dxe5 Bxe5 7. exd5 cxd5 8. Bf4 Bxf4 9. Qa4+ Nc6 10. Qxf4 Nge7 11. O-O-O Be6 12. Ne2 a6 {½-½ (38) Najer,E (2706)-Rozum,I (2573) Kocaeli 2017}) 6. fxe4 {B12: Caro-Kann: Advance Variation} Nf6 7. Bd3 c5 8. Nf3 {The position is equal.} cxd4 9. cxd4 O-O 10. O-O Nc6 11. Nc2 Qb6 12. Kh1 Bg4 13. Be3 $36 {[%mdl 2048] aiming for d5. Black is under pressure.} Qc7 14. Qe1 Rad8 15. Qh4 Bxf3 $1 16. Rxf3 Qd7 17. h3 Ne8 18. Raf1 e6 {[#]} (18... Bxd4 $11 19. Nxd4 Nxd4 20. Bxd4 Qxd4) 19. e5 $1 $16 Qd5 $2 {[#]} (19... Nc7 $16 {is a better defense.}) 20. Be4 $1 $18 {[%cal Re4d5]} Qxa2 $2 (20... Qa5 21. Bxc6 bxc6) 21. Bxc6 {Accuracy: White = 56%, Black = 31%.} 1-0

[Event "Budapest Spring Festival 2019"]
[Site "Budapest"]
[Date "2019.04.15"]
[Round "7.14"]
[White "Krzyzanowski, Marcin"]
[Black "Taylor, Adam C"]
[Result "1-0"]
[WhiteElo "2509"]
[BlackElo "2398"]
[Annotator "TA"]
[PlyCount "101"]
[EventDate "2019.04.09"]
[EventType "swiss"]
[EventCountry "HUN"]
[SourceTitle "playchess.com"]
[Source "ChessBase"]
[SourceQuality "1"]

{[%evp 14,101,48,35,40,37,58,83,58,55,71,69,70,65,63,78,72,56,78,76,93,52,58,37,39,59,89,92,90,19,28,31,76,84,113,91,114,117,181,148,138,54,54,64,31,59,35,0,0,0,0,0,51,24,29,8,127,8,135,142,186,177,171,187,168,102,253,245,245,230,329,300,588,577,29964,29966,29967,29967,29973,29974,29974,29972,29979,29980,29980,29981,29981,29982,29982,29983]} 1. Nf3 Nf6 2. d4 g6 3. g3 Bg7 4. Bg2 O-O 5. O-O d6 6. c4 Nc6 7. Nc3 a6 8. Bf4 Nh5 {E63: King's Indian: Fianchetto: Panno Variation with 7...a6} 9. Be3 f5 10. d5 Ne5 $146 {White is better.} ({Predecessor:} 10... Na5 11. c5 Nc4 12. Bd4 dxc5 13. Bxc5 Kh8 14. Qb3 Nd6 15. Rad1 Bf6 16. Bd4 {1-0 (27) Halkias,S (2581)-Bodnaruk,A (2425) St Petersburg 2012}) 11. Nxe5 dxe5 12. c5 e4 13. Qb3 Kh8 14. Rad1 Qe8 15. Bc1 Rb8 16. f3 e5 17. Qc2 Bd7 18. b4 f4 19. g4 Nf6 20. g5 (20. Nxe4 Ba4 $11) 20... Nh5 21. c6 (21. fxe4 $6 Qd8 $11) (21. Nxe4 $16 Ba4 22. Qd2) 21... bxc6 $11 22. Nxe4 Rb6 23. Bb2 Qe7 24. a3 Bf5 25. dxc6 Qxg5 (25... Re8 $16 26. Rd2 Bxe4 27. Qxe4 (27. fxe4 Qxg5 28. Rd7 Rc8 $16) 27... Qxg5) 26. Nxg5 Bxc2 27. Rc1 (27. Rd7 $16) 27... Bf5 $14 28. Rfd1 h6 29. Ne4 a5 30. Rd5 axb4 31. axb4 Re8 32. b5 $36 {[%mdl 2048] White fights for an advantage.} Nf6 (32... Reb8 $11) 33. Nxf6 Bxf6 34. Bc3 {Hoping for Ba5.} Reb8 (34... Rbb8 $11) 35. Rxe5 ({White should play} 35. Bf1 $16) 35... Bxe5 (35... Kg8 $1 $11) 36. Bxe5+ $16 Kg8 37. Bxc7 {[%mdl 64] [#] Double Attack} Rxb5 {White should prevent ...Rb1.} 38. Bxb8 ({Much less strong is} 38. Bxf4 $6 Rb1 $16) 38... Rxb8 $18 {[%mdl 4096] Endgame KRB-KRB} 39. Rc4 ({White should try} 39. c7 $18 Re8 40. h4) 39... g5 $2 (39... Rb1+ $16 40. Kf2 Kg7) 40. h4 Kf7 41. Rc5 Be6 (41... Bc8 $142 42. hxg5 hxg5) 42. c7 ({Weaker is} 42. hxg5 hxg5 43. Rxg5 Rc8 $16) 42... Re8 $2 {[#]} (42... Rb1+ 43. Kh2 Rb2) 43. Re5 Bc8 44. Rxe8 {White mates.} Kxe8 {KB-KB} 45. Kh2 g4 46. fxg4 Kd7 47. g5 Kxc7 48. gxh6 Bf5 49. Bd5 Bh7 50. h5 Kd6 51. Bf7 {Accuracy: White = 54%, Black = 33%.} 1-0

[Event "Budapest Spring Festival 2019"]
[Site "Budapest"]
[Date "2019.04.15"]
[Round "7.15"]
[White "Pranav Anand"]
[Black "Kantor, Gergely"]
[Result "1/2-1/2"]
[WhiteElo "2359"]
[BlackElo "2505"]
[Annotator "TA"]
[PlyCount "83"]
[EventDate "2019.04.09"]
[EventType "swiss"]
[EventCountry "HUN"]
[SourceTitle "playchess.com"]
[Source "ChessBase"]
[SourceQuality "1"]

{[%evp 9,83,4,4,4,4,0,4,-1,0,1,0,0,0,0,0,0,0,0,0,0,0,0,0,-11,0,-11,31,20,60,69,60,57,65,52,125,122,131,83,112,110,113,51,62,66,58,58,58,0,92,62,83,61,59,65,69,67,83,44,39,30,31,24,25,29,42,26,39,71,57,27,32,0,61,0,47,0]} 1. d4 Nf6 2. c4 e6 3. Nc3 Bb4 4. f3 c5 5. d5 b5 6. e4 {E20: Nimzo-Indian: 4 g3 and 4 f3} O-O (6... d6 7. Nge2 bxc4 8. Nf4 Bxc3+ 9. bxc3 e5 10. Ne2 Nh5 11. h4 Nd7 12. g4 Qf6 13. Kf2 Nf4 14. Nxf4 exf4 {0-1 (36) Kravtsiv,M (2644)-Moiseenko,A (2640) Kiev 2018}) 7. e5 {Strongly threatening dxe6.} Ne8 8. f4 {The position is equal.} exd5 9. cxd5 {Threatening Nf3.} d6 10. Nf3 c4 11. a4 Bg4 12. Be2 dxe5 13. fxe5 Nd7 14. Bf4 $36 {[%mdl 2048] White has the initiative.} Nb6 15. O-O $146 ({Predecessor:} 15. axb5 Nxd5 16. Bg5 {1-0 (16) Reis,C (2378)-Borges,J (2302) ICCF email 2016}) 15... Bxc3 $1 16. bxc3 {Threatens to win with d6.} Nxd5 {[%mdl 64] [#] Double Attack} 17. Bd2 bxa4 18. Qxa4 Nb6 19. Qc2 {[%mdl 1024] White has compensation.} Bh5 20. Bg5 ({Much weaker is} 20. Ng5 Bg6 $11) 20... Qc7 21. Bc1 {Black must now prevent Ba3.} Nd5 {[#]} ({Black should try} 21... Kh8 $14) 22. Ba3 $1 $16 {[%cal Ra3f8]} Qb6+ 23. Kh1 Nec7 24. Bxf8 ({Of course not} 24. Bxc4 $6 Ne3 $11) ({Don't play} 24. Ng5 $6 Bg6 $11) 24... Ne3 25. Qb1 {And now Qxb6 would win.} Rxf8 26. Qxb6 axb6 27. Rfb1 Ncd5 28. Nd4 (28. Rb2 $1 $14) 28... Bg6 (28... Bxe2 $11 29. Nxe2 Re8) 29. Rb2 Nxc3 30. Rxb6 Nxe2 31. Nxe2 Be4 32. Kg1 Re8 33. Nc3 Bxg2 34. Kf2 Nd5 35. Rc6 Nxc3 36. Kxg2 $11 {[%mdl 4096] Endgame KRR-KRN} Nd5 37. Kf3 {Ra5 is the strong threat.} g6 38. Ke4 Nc3+ 39. Kd4 Ne2+ 40. Ke4 Nc3+ 41. Kd4 Ne2+ 42. Ke4 {Accuracy: White = 81%, Black = 71%.} 1/2-1/2

[Event "Budapest Spring Festival 2019"]
[Site "Budapest"]
[Date "2019.04.15"]
[Round "7.16"]
[White "Henderson de La Fuente, Lance"]
[Black "Risting, Eivind Olav"]
[Result "1-0"]
[WhiteElo "2471"]
[BlackElo "2345"]
[Annotator "ChessBase"]
[PlyCount "49"]
[EventDate "2019.04.09"]
[EventType "swiss"]
[EventCountry "HUN"]
[SourceTitle "playchess.com"]
[Source "ChessBase"]
[SourceQuality "1"]
[TimeControl "40/5400+30:1800+30"]

1. e4 {[%emt 0:00:06]} c6 {[%emt 0:00:13]} 2. d4 {[%emt 0:00:23]} d5 {[%emt 0:00:07]} 3. e5 {[%emt 0:00:12]} Bf5 {[%emt 0:00:19]} 4. Nd2 {[%emt 0:00:19]} e6 {[%emt 0:00:22]} 5. Nb3 {[%emt 0:00:16]} Nd7 {[%emt 0:00:59]} 6. Nf3 {[%emt 0:00:19]} Ne7 {[%emt 0:00:41]} 7. Be2 {[%emt 0:00:29]} h6 {[%emt 0:00:11]} 8. O-O {[%emt 0:00:37]} g5 {[%emt 0:00:45]} 9. Ne1 {[%emt 0:00:56]} Qc7 {[%emt 0:00:57]} 10. Nd3 {[%emt 0:02:50]} Ng6 {[%emt 0:01:30]} 11. Be3 {[%emt 0:03:37]} Bg7 {[%emt 0:19:11]} 12. Bh5 {[%emt 0:13:35]} O-O {[%emt 0:10:42]} 13. f4 {[%emt 0:11:49]} Bxd3 {[%emt 0:11:16]} 14. Qxd3 {[%emt 0:05:41]} Nxf4 {[%emt 0:08:36]} 15. Bxf4 {[%emt 0:00:29]} gxf4 {[%emt 0:00:05]} 16. Rxf4 {[%emt 0:00:26]} f6 {[%emt 0:16:21]} 17. Raf1 {[%emt 0:03:43]} fxe5 {[%emt 0:02:51]} 18. Rf7 {[%emt 0:00:26]} Rxf7 {[%emt 0:02:37]} 19. Rxf7 {[%emt 0:00:24]} e4 {[%emt 0:06:27]} 20. Qh3 {[%emt 0:00:51]} Rf8 {[%emt 0:00:58]} 21. Qxe6 {[%emt 0:00:16]} Rxf7 {[%emt 0:00:22]} 22. Qxf7+ {[%emt 0:00:06]} Kh8 23. Bg4 {[%emt 0:00:24]} Qb6 {[%emt 0:06:04]} 24. Bxd7 {[%emt 0:00:43]} Bxd4+ {[%emt 0:00:07]} 25. Kh1 {[%emt 0:00:07]} 1-0

[Event "Budapest Spring Festival 2019"]
[Site "Budapest"]
[Date "2019.04.15"]
[Round "7.17"]
[White "Dixit, Nikhil"]
[Black "Abdumalik, Zhansaya"]
[Result "1/2-1/2"]
[WhiteElo "2302"]
[BlackElo "2463"]
[Annotator "TA"]
[PlyCount "76"]
[EventDate "2019.04.09"]
[EventType "swiss"]
[EventCountry "HUN"]
[SourceTitle "playchess.com"]
[Source "ChessBase"]
[SourceQuality "1"]

{[%evp 24,76,19,0,28,25,29,29,28,25,31,32,37,32,45,37,43,46,37,33,33,32,33,33,43,31,45,25,39,37,38,33,33,16,83,83,83,66,83,58,58,50,53,58,66,66,73,35,35,35,35,35,35,35,35]} 1. e4 e5 2. Nf3 Nc6 3. Nc3 Nf6 4. d4 exd4 5. Nxd4 Bb4 6. Nxc6 bxc6 7. Bd3 d5 8. exd5 cxd5 9. O-O O-O 10. Bg5 c6 11. Qf3 Bd6 12. Rae1 Rb8 13. Nd1 h6 {C47: Scotch Four Knights and Four Knights with 4 g3} 14. Bxf6 Qxf6 15. Qxf6 gxf6 {White has an edge.} 16. b3 a5 17. Ne3 Bb4 18. Re2 {[#]} Bd7 $146 ({Predecessor:} 18... a4 19. Nf5 Bxf5 20. Bxf5 Rfd8 21. Re3 axb3 22. axb3 c5 23. Rg3+ Kf8 24. Rh3 Kg7 25. Rg3+ Kf8 26. Rh3 {½-½ (26) Wei,Y (2743)-Matlakov,M (2718) Wijk aan Zee 2018}) 19. Nf5 Bxf5 20. Bxf5 Rfe8 21. Rxe8+ Rxe8 $14 {[%mdl 4096] Endgame KRB-KRB} 22. Rd1 Re5 23. Bd3 Re7 24. a4 Kf8 25. g3 Re5 26. Kg2 Ke7 27. f4 Re3 28. Kf2 d4 (28... Bc5 $11 {remains equal.} 29. Re1 Re5+ 30. Kf1 Rxe1+ 31. Kxe1 Ke6) 29. Kg2 $16 Kf8 30. Rf1 Be1 31. f5 Re5 32. Rf4 c5 33. Re4 Ke7 34. Kf3 Bd2 35. Rxe5+ fxe5 {White is slightly better.} 36. Ke4 Kd6 37. Bc4 {Strongly threatening f6.} f6 38. Kf3 Ke7 {Accuracy: White = 79%, Black = 43%.} 1/2-1/2

[Event "Budapest Spring Festival 2019"]
[Site "Budapest"]
[Date "2019.04.15"]
[Round "7.18"]
[White "Lye, Lik Zang"]
[Black "Sedlak, Nikola"]
[Result "0-1"]
[WhiteElo "2377"]
[BlackElo "2598"]
[Annotator "TA"]
[PlyCount "110"]
[EventDate "2019.04.09"]
[EventType "swiss"]
[EventCountry "HUN"]
[SourceTitle "playchess.com"]
[Source "ChessBase"]
[SourceQuality "1"]

{[%evp 18,110,-7,-11,5,-16,-4,-22,-8,-27,-22,-30,-25,-34,0,0,0,0,0,0,0,-22,0,-35,-49,-49,-39,-70,-33,-44,-29,-45,-40,-90,-85,-100,-112,-109,-108,-126,-125,-110,-110,-154,-105,-108,-89,-85,-80,-84,-86,-161,-152,-154,-152,-231,-223,-223,-190,-202,-90,-209,-204,-367,-323,-341,-336,-745,-737,-711,-698,-5488,-5510,-5385,-5397,-4370,-2546,-2515,-2141,-5157,-5157,-2470,-2130,-2263,-1590,-29975,-29971,-29986,-29984,-29988,-29988,-29989,-29989,-29991,-29992]} 1. d4 e6 2. c4 f5 3. Nc3 Nf6 4. e3 b6 5. Bd3 Bb7 6. f3 c5 7. d5 {A85: Dutch Defence: 2 c4 Nf6 3 Nc3} exd5 8. cxd5 Nxd5 9. Nxd5 Bxd5 10. Bxf5 {LiveBook: 5 Games} Bb7 11. Ne2 Qh4+ 12. Ng3 g6 13. Bc2 Nc6 {[#]} 14. O-O $146 ({Predecessor:} 14. Be4 O-O-O {0-1 (76) Del Rio de Angelis,S (2527)-Sutovsky,E (2628) Caleta 2017}) 14... O-O-O 15. Be4 $1 d5 16. Bxd5 Kb8 17. Qb3 Nd4 18. exd4 Bxd5 19. Qe3 {[#] And now Qe5+ would win.} Bd6 $36 {[%cal Bf8d6,Bd6c7,Bc7e5][%mdl 2080] Black fights for an advantage.} 20. Qg5 Qxd4+ 21. Be3 Qe5 22. Rad1 Bc7 ({Don't go for} 22... Bxa2 $2 {[#]} 23. Rxd6 $1 {[%mdl 512]} Qxg5 24. Bxg5 $18) 23. b3 Bc6 24. Qxe5 Bxe5 25. f4 Bc7 26. f5 Rxd1 27. Rxd1 Re8 28. Re1 gxf5 29. Nxf5 a5 30. Kf2 Bd7 ({Don't take} 30... Bxh2 31. g3 $17) 31. g4 Bxf5 32. gxf5 $17 {[%mdl 4096] Endgame KRB-KRB} Rf8 33. Ke2 Rxf5 34. Kd3 (34. h4 $17) 34... Rh5 $19 ({Don't play} 34... Bxh2 35. Rh1 $17) 35. Kc4 Rxh2 36. Bg5 (36. Rf1 $17 {keeps fighting.}) 36... Rg2 37. Bf6 Rf2 38. Bg5 Rf5 (38... Rxa2 $19 {aiming for ...Rg2.} 39. Re8+ Kb7) 39. Re8+ (39. Bh6 $17 {was called for.}) 39... Kb7 40. Bd8 $2 (40. Bh6) 40... Rf4+ 41. Kc3 {Re7 is the strong threat.} Rf3+ 42. Kc4 $2 (42. Kc2 Rf2+ 43. Kb1 Bxd8 44. Rxd8) 42... Kc6 {[%csl Gc6][%cal Rb6b5]} 43. Re6+ Kd7 44. Rf6 Rxf6 45. Bxf6 {KB-KB} Bd8 46. Be5 Kc6 47. Bf4 b5+ 48. Kd3 Kd5 49. Bh6 c4+ 50. Kc2 a4 51. b4 Ke4 {Black mates.} 52. Kb2 Bc7 53. Bg7 h5 {[%cal Bh7h5,Bh5h4][%mdl 32]} 54. Bf6 Bg3 55. Ka3 h4 {Precision: White = 25%, Black = 72%.} 0-1

[Event "Budapest Spring Festival 2019"]
[Site "Budapest"]
[Date "2019.04.15"]
[Round "7.19"]
[White "Kosic, Dragan"]
[Black "Akesson, Ralf"]
[Result "0-1"]
[WhiteElo "2508"]
[BlackElo "2346"]
[Annotator "TA"]
[PlyCount "98"]
[EventDate "2019.04.09"]
[EventType "swiss"]
[EventCountry "HUN"]
[SourceTitle "playchess.com"]
[Source "ChessBase"]
[SourceQuality "1"]

{[%evp 18,98,16,8,25,18,26,4,0,0,0,3,9,-27,-20,-66,-77,-76,-18,-35,-12,-21,-9,-12,0,-89,-72,-95,96,14,25,20,11,14,75,52,304,334,251,150,156,103,210,210,182,107,168,83,87,93,250,232,231,76,170,184,181,175,166,43,63,0,0,0,0,-6,19,-20,-28,-181,-181,-179,-174,-174,-174,-562,-562,-538,-535,-513,-505,-29988,-29989]} 1. d4 Nf6 2. Nf3 g6 3. Bg5 Bg7 4. Nbd2 O-O 5. c3 d6 6. e3 c5 7. Bc4 Nbd7 8. O-O a6 9. a4 b6 10. e4 Qc7 {A48: 1 d4 Nf6 2 Nf3 g6: Torre, London and Colle Systems} (10... h6 11. Bh4 cxd4 12. Nxd4 Bb7 13. Re1 Qc7 14. Ba2 e5 15. Nc2 d5 16. exd5 Nxd5 17. Ne4 N7f6 18. Bxf6 Nxf6 19. Qd6 Qd8 20. Nxf6+ Qxf6 21. Qxf6 Bxf6 22. Rad1 Rad8 {½-½ (22) Thormann,W (2202)-Dettmann,H (2028) Germany 2016}) 11. Re1 $146 {Black must now prevent e5.} ({Predecessor:} 11. Qe2 e6 12. e5 dxe5 13. Nxe5 Bb7 14. Nxd7 Nxd7 15. dxc5 Nxc5 {½-½ (15) Distler,C (2067)-Reichert,M (1810) Gerlingen 2007}) 11... e6 12. e5 dxe5 {The position is equal.} 13. dxe5 Nd5 14. Bxd5 exd5 15. Nf1 Bb7 {[%cal Rd7e5]} 16. e6 fxe6 17. Rxe6 {[#]} d4 $1 {[%mdl 512]} 18. cxd4 $11 Bxf3 19. gxf3 cxd4 20. Rc1 (20. Re7 Qd6 $15) 20... Nc5 21. Re7 (21. b4 $11 Rf5 22. h4 Nxe6 23. Rxc7 Nxc7 24. Qb3+ Kh8 25. Ng3) 21... Qd6 $1 $17 {Threatens to win with ...a5.} 22. b4 Nd7 $2 (22... Rf5 $17 {stays on course.} 23. Bh4 Bf6 24. Bxf6 Rxf6) 23. Qb3+ (23. Ng3 $16 Qd5 24. Rc7) 23... Kh8 $11 24. Re6 Qb8 25. f4 Ra7 (25... Nf6 $11) 26. Qh3 $1 $36 {[%mdl 2048] Black is under pressure.} Kg8 $2 {[%mdl 8192]} (26... b5 $14) 27. Re7 $18 Qd6 28. Rce1 (28. Qb3+ $18 Kh8 29. Re6) 28... Qd5 $16 29. Nd2 (29. Ng3 $142 $1) 29... Rc7 (29... d3 $16 {was called for.}) 30. Ne4 $18 {aiming for Bh6.} h5 31. Qd3 (31. Qg3 $18) 31... Kh8 (31... Rf7 $16) 32. Ng3 ({Don't play} 32. Qxa6 $6 d3 $16) (32. b5 $18 {has better winning chances.}) 32... Rc6 $16 33. h4 b5 $2 (33... Rfc8 $16) 34. axb5 $18 axb5 {[#]} 35. Ra1 $2 (35. f5 $1 $18 {[%cal Rf5g6][%mdl 512] and the rest is easy.} Kg8 (35... gxf5 36. Qd1) 36. f6 (36. fxg6 Ne5 $16) 36... Rfxf6 37. Bxf6 Rxf6 38. Qe4) 35... Rf7 (35... Re6 $16) 36. Rxf7 Qxf7 37. Qxb5 Rb6 38. Qa4 (38. Ra8+ $18 Kh7 39. Qd3) 38... d3 $14 39. Rd1 (39. Ra3 $14) 39... Qd5 $11 40. Qa3 Rd6 41. Nf1 Bd4 42. Rd2 {next Be7 is good for White.} Nb6 {[%cal Bd7b6,Bb6c4,Bc4d2][%mdl 32]} 43. Qa7 $2 ({Avoid the trap} 43. Ne3 $2 Bxe3 44. fxe3 Nc4 $19) (43. Qa5 $11 {and White has nothing to worry.}) 43... Nc4 $1 $19 {[%csl LRa7,LRd2][%mdl 1024] Black has strong compensation.} 44. Qb8+ Kh7 $1 45. Ra2 Rd7 {...d2! is the strong threat.} 46. Qe8 $2 {[#]} (46. Qf8 Bg7 47. Qc5) 46... d2 $1 {[%cal Rd2d1][%mdl 512]} 47. Nxd2 {[#]} Bxf2+ $1 {[%mdl 512]} 48. Kxf2 {Hoping for Bf6.} Nxd2 49. Ra3 (49. Rxd2 $19 Qxd2+ {[%mdl 64] Double Attack} 50. Qe2 Qxb4 51. f5 Qc5+ 52. Kg2) 49... Ne4+ {Accuracy: White = 28%, Black = 30%.} 0-1

[Event "Budapest Spring Festival 2019"]
[Site "Budapest"]
[Date "2019.04.15"]
[Round "7.20"]
[White "Mehar, Chinna Reddy C.H."]
[Black "Popovic, Dusan"]
[Result "1/2-1/2"]
[WhiteElo "2348"]
[BlackElo "2503"]
[Annotator "ChessBase"]
[PlyCount "32"]
[EventDate "2019.04.09"]
[EventType "swiss"]
[EventCountry "HUN"]
[SourceTitle "playchess.com"]
[Source "ChessBase"]
[SourceQuality "1"]
[TimeControl "40/5400+30:1800+30"]

1. e4 {[%emt 0:00:50]} e5 {[%emt 0:00:12]} 2. Nf3 {[%emt 0:00:11]} d6 {[%emt 0:00:06]} 3. d4 {[%emt 0:00:46]} exd4 {[%emt 0:00:12]} 4. Nxd4 {[%emt 0:00:08]} Nf6 {[%emt 0:00:04]} 5. Nc3 {[%emt 0:00:16]} Be7 {[%emt 0:00:05]} 6. Bf4 {[%emt 0:01:13]} O-O {[%emt 0:01:04]} 7. Qd2 {[%emt 0:00:39]} Nc6 {[%emt 0:01:51]} 8. O-O-O {[%emt 0:01:16]} Nxd4 {[%emt 0:01:27]} 9. Qxd4 {[%emt 0:00:11]} Re8 {[%emt 0:00:02]} 10. f3 {[%emt 0:01:07]} a6 {[%emt 0:00:11]} 11. Qf2 {[%emt 0:09:35]} Bd7 {[%emt 0:06:40]} 12. g4 {[%emt 0:06:30]} b5 {[%emt 0:02:42]} 13. h4 {[%emt 0:00:46]} b4 {[%emt 0:01:44]} 14. Ne2 {[%emt 0:03:26]} c5 {[%emt 0:10:03]} 15. g5 {[%emt 0:07:02]} Nh5 {[%emt 0:01:21]} 16. Bxd6 {[%emt 0:00:26]} Bxd6 {[%emt 0:20:36]} 1/2-1/2

[Event "Budapest Spring Festival 2019"]
[Site "Budapest"]
[Date "2019.04.15"]
[Round "7.21"]
[White "Krstulovic, Alex"]
[Black "Galyas, Miklos"]
[Result "1/2-1/2"]
[WhiteElo "2345"]
[BlackElo "2490"]
[Annotator "TA"]
[PlyCount "59"]
[EventDate "2019.04.09"]
[EventType "swiss"]
[EventCountry "HUN"]
[SourceTitle "playchess.com"]
[Source "ChessBase"]
[SourceQuality "1"]

{[%evp 21,59,47,46,51,63,45,37,25,47,43,49,33,47,38,43,36,51,0,21,8,81,81,81,81,81,81,74,66,82,31,31,34,62,18,17,15,31,18,37,31]} 1. d4 e6 2. c4 f5 3. g3 Nf6 4. Bg2 d5 5. Qc2 Bd6 6. Nh3 {[%cal Bg1h3,Bh3f4,Bf4d3][%mdl 32]} c6 7. Bf4 Be7 8. O-O O-O 9. Nd2 Nh5 {A90: Dutch Defence: Miscellaneous and Modern Stonewall (with ...Bd6)} (9... h6 10. Bxb8 Rxb8 11. Nf4 Qe8 12. Nd3 b6 13. b4 Ne4 14. Nf3 Ba6 15. Nfe5 Bf6 16. c5 Bxd3 17. exd3 Ng5 18. f4 Nf7 19. Qa4 Nxe5 20. dxe5 Be7 21. d4 a5 22. a3 b5 23. Qc2 a4 {½-½ (23) Kuybokarov,T (2499)-Maghsoodloo,P (2636) Abu Dhabi 2018}) 10. Nf3 Nxf4 11. Nxf4 Bd6 {LiveBook: 19 Games} 12. e3 Qe7 13. Ne5 $146 (13. h4 {keeps more tension.} Nd7 14. Rab1 Kh8 15. Ng5 Nf6 16. a3) ({Predecessor:} 13. Rab1 Nd7 14. b4 Nf6 15. b5 Bd7 16. bxc6 Bxc6 17. c5 {1-0 (46) Krejci,J (2520)-Macicek,J (2284) Ostrava 2017}) 13... Nd7 14. Nfd3 Bxe5 15. dxe5 b6 16. Qa4 Bb7 17. Rac1 Kh8 18. Rfd1 {[%cal Bf1d1,Bd1d3,Bd3c3][%mdl 32]} Rfd8 19. c5 ({White should play} 19. cxd5 $14 exd5 20. f4) 19... Rdc8 20. Bf1 Nxc5 (20... g5 $11 {remains equal.}) 21. Qb4 $16 a5 22. Qxb6 Nxd3 23. Rxd3 a4 24. Rdc3 h6 25. b4 (25. Be2 $16) 25... axb3 $1 $14 26. axb3 Rab8 27. Qc5 Qxc5 28. Rxc5 Kg8 29. b4 Kf8 30. Be2 {Accuracy: White = 40%, Black = 57%.} 1/2-1/2